Statistics for Countries with the Oldest Median Age with Exceptions

Click here to take the quiz!

General Stats

  • This quiz has been taken 27 times
  • The average score is 11 of 18

Answer Stats

Median AgeCountry% Correct
48.6Japan
96%
41.8Canada
92%
43.2South Korea
92%
38.5United States
88%
38.4China
80%
37.2New Zealand
80%
37.5Australia
76%
42.1Cuba
68%
42.3Taiwan
64%
39.0Thailand
56%
38.4United Arab Emirates
52%
36.6Armenia
44%
38.6Georgia
44%
40.3Russia
40%
37.8Trinidad and Tobago
32%
39.5Barbados
28%
36.9Saint Lucia
20%
36.8Seychelles
16%

Score Distribution

Percentile by Number Answered

Percent of People with Each Score

Your Score History

You have not taken this quiz